Uncovering the secrets of the red planet (Record no. 14144)

MARC details
000 -LEADER
fixed length control field 00500nam a2200181Ia 4500
003 - CONTROL NUMBER IDENTIFIER
control field IN-BaIIA
008 - FIXED-LENGTH DATA ELEMENTS--GENERAL INFORMATION
fixed length control field 211028s9999 xx 000 0 eng d
020 ## - INTERNATIONAL STANDARD BOOK NUMBER
International Standard Book Number 0-7922-7373-7
040 ## - CATALOGING SOURCE
Transcribing agency IIA Library
080 ## - UNIVERSAL DECIMAL CLASSIFICATION NUMBER
Universal Decimal Classification number 523.43
Item number RAE
100 ## - MAIN ENTRY--PERSONAL NAME
Personal name Raeburn, P
9 (RLIN) 24902
245 #0 - TITLE STATEMENT
Title Uncovering the secrets of the red planet
Remainder of title mars
Statement of responsibility, etc. P. Reaburn
260 ## - PUBLICATION, DISTRIBUTION, ETC.
Place of publication, distribution, etc. Washington, D. C.
Name of publisher, distributor, etc. National Geographic Society
Date of publication, distribution, etc. 1998
300 ## - PHYSICAL DESCRIPTION
Extent 231p.
650 ## - SUBJECT ADDED ENTRY--TOPICAL TERM
Topical term or geographic name entry element Mars
9 (RLIN) 1378
650 ## - SUBJECT ADDED ENTRY--TOPICAL TERM
Topical term or geographic name entry element Viking missions
9 (RLIN) 24903
942 ## - ADDED ENTRY ELEMENTS (KOHA)
Koha item type Books
Holdings
Withdrawn status Lost status Damaged status Not for loan Home library Current library Shelving location Date acquired Cost, normal purchase price Total Checkouts Full call number Barcode Date last seen Cost, replacement price Price effective from Koha item type Purchase Price
        IIA Library-Bangalore IIA Library-Bangalore General Stacks 26/06/2001 1980.00   523.43/ RAE 15064 05/11/2021 1980.00 26/06/2001 Books Rs. 1980.00

Powered by Koha